72 ans de Formule 1, 3/3 - Statistiques

Statistiques générales
  • Ce quiz a été pris 250 fois
  • Le résultat moyen est 9 sur 15
Statistiques - réponses
Hint Réponse % Correct
Combien de titres constructeur compte l'écurie Williams 9
95%
Pilote champion du monde 2009 Button
86%
Qui détient le record de points en une saison (408 pts) Hamilton
86%
Quel pilote a remporté Monza 2021 Ricciardo
81%
Combien de victoire en course compte le français Alain Prost 51
72%
A la fin de quelle saison Niki Lauda se retire de la f1 1985
71%
Quel est le principal sponsor Red Bull Racing (2022) Oracle
70%
Qui est le PDG de l'écurie Alfa Roméo Sauber Vasseur
62%
Quel pilote est le 3e à avoir réaliser le plus de pôles positions Senna
55%
Qui est le premier pilote Red Bull (2005) Coulthard
46%
En quel année Lotus est apparue en f1 2012
42%
Sur quel circuit a eu lieu le finish le plus serré de l'histoire (2002) Indianapolis
37%
Année de la pole position la plus serrée à Monaco (2s) 1950
32%
Quel est le traditionnel dernier grand prix de chaque saison depuis 2009 Abou Dabi
24%
Qui est le seul pilote de f1 de nationalité du Lichtenstein Opel
9%
Aucun quiz correspondant
Distribution des résultats
% des personnes avec chaque résultat
Percentile par nombre de réponses
Votre historique - résultats
Vous n’avez pas pris ce quiz